书目信息 |
| 题名: |
文体学概论
|
|
| 作者: | 刘世生 , 朱瑞青 编著 | |
| 分册: | ||
| 出版信息: | 北京 北京大学出版社 2006 |
|
| 页数: | 314页 | |
| 开本: | 23cm | |
| 丛书名: | 语言学与应用语言学知识系列读本 | |
| 单 册: | ||
| 中图分类: | H052 | |
| 科图分类: | ||
| 主题词: | 文体学--高等学校--教学参考资料 , 文体学 | |
| 电子资源: | ||
| ISBN: | 7-301-09377-2 | |
| 000 | 00991oam2 2200277 450 | |
| 001 | 012007310698 | |
| 005 | 20070522174948.09 | |
| 010 | @a7-301-09377-2@dCNY32.00 | |
| 100 | @a20070515d2006 km y0chiy0120 ea | |
| 101 | 0 | @achi |
| 102 | @aCN@b110000 | |
| 105 | @ay z 000yy | |
| 106 | @ar | |
| 200 | 1 | @a文体学概论@Awen ti xue gai lun@f刘世生,朱瑞青编著@Fliu shi sheng,zhu rui qing bian zhu |
| 210 | @a北京@c北京大学出版社@d2006 | |
| 215 | @a314页@d23cm | |
| 225 | 2 | @a语言学与应用语言学知识系列读本 |
| 330 | @a本书为语言学专业或对语言学感兴趣的大学高年级学生及研究生提供语言学及应用语言学各领域的基本知识介绍。可帮助学生理清思路,开阔视野,了解国内外语言学及应用语言学发展历程及最新理论和动态。 | |
| 461 | 0 | @12001 @a语言学与应用语言学知识系列读本 |
| 606 | 0 | @a文体学@x高等学校@j教学参考资料 |
| 606 | 0 | @a文体学 |
| 690 | @aH052@v4 | |
| 701 | 0 | @a刘世生@Aliu shi sheng@4编著 |
| 701 | 0 | @a朱瑞青@Azhu rui qing@4编著 |
| 801 | 0 | @aCN@bRULIN@c20070522 |
| 905 | @dH052@e139@s8 | |
| 文体学概论/刘世生,朱瑞青编著.-北京:北京大学出版社,2006 |
| 314页;23cm.-(语言学与应用语言学知识系列读本) |
| ISBN 7-301-09377-2:CNY32.00 |
| 本书为语言学专业或对语言学感兴趣的大学高年级学生及研究生提供语言学及应用语言学各领域的基本知识介绍。可帮助学生理清思路,开阔视野,了解国内外语言学及应用语言学发展历程及最新理论和动态。 |
| ● |
| 相关链接 |
|
|
|
|
正题名:文体学概论
索取号:H052/139
 
预约/预借
| 序号 | 登录号 | 条形码 | 馆藏地/架位号 | 状态 | 备注 |
| 1 | 0579765 | 205797654 | 第二样本阅览室/ [索取号:H052/139] | 在馆 | |
| 2 | 0579766 | 205797663 | 第四借阅区/ [索取号:H052/139] | 在馆 | |
| 3 | 0579767 | 205797672 | 第四借阅区/ [索取号:H052/139] | 在馆 | |
| 4 | 0579768 | 205797681 | 第四借阅区/ [索取号:H052/139] | 在馆 | |
| 5 | 0579769 | 205797690 | 第四借阅区/ [索取号:H052/139] | 在馆 | |
| 6 | 0579770 | 205797707 | 第四借阅区/ [索取号:H052/139] | 在馆 | |
| 7 | 0579771 | 205797716 | 第四借阅区/ [索取号:H052/139] | 在馆 | |
| 8 | 0579772 | 205797725 | 第四借阅区/ [索取号:H052/139] | 在馆 |